LIBRARY ONLINE CATALOGUE

Intermediate accounting v. 1 / (Record no. 11865)

MARC details
000 -LEADER
fixed length control field 00774cam a22002532 4500
001 - CONTROL NUMBER
control field 0000002529
005 - DATE AND TIME OF LATEST TRANSACTION
control field 20151217155203.0
008 - FIXED-LENGTH DATA ELEMENTS--GENERAL INFORMATION
fixed length control field 070412s xx 000 0 eng d
020 ## - INTERNATIONAL STANDARD BOOK NUMBER
International Standard Book Number 0072401338 (v. 1) :
040 ## - CATALOGING SOURCE
Original cataloging agency KABU
Transcribing agency KABU
050 #0 - LIBRARY OF CONGRESS CALL NUMBER
Classification number HF5635
Item number .S65 2001
100 1# - MAIN ENTRY--PERSONAL NAME
Personal name Spiceland, J. David.
-- 0000151907
245 10 - TITLE STATEMENT
Title Intermediate accounting v. 1 /
Statement of responsibility, etc. J. David Spiceland, James F. Sepe, Lawrence A. Tomassini.
250 ## - EDITION STATEMENT
Edition statement 2nd ed.
260 ## - PUBLICATION, DISTRIBUTION, ETC. (IMPRINT)
Place of publication, distribution, etc. Boston :
Name of publisher, distributor, etc. McGraw-Hill,
Date of publication, distribution, etc. 2001.
300 ## - PHYSICAL DESCRIPTION
Extent 560 p.
362 0# - DATES OF PUBLICATION AND/OR SEQUENTIAL DESIGNATION
Dates of publication and/or sequential designation v. 1.
650 #0 - SUBJECT ADDED ENTRY--TOPICAL TERM
Topical term or geographic name as entry element Accounting.
-- 0000148321
700 1# - ADDED ENTRY--PERSONAL NAME
Personal name Sepe, James F.
-- 0000151910
700 1# - ADDED ENTRY--PERSONAL NAME
Personal name Tomassini, Lawrence A.
-- 0000151909
908 ## - PUT COMMAND PARAMETER (RLIN)
Put command parameter 070412
950 ## - LOCAL HOLDINGS (RLIN)
-- 1
Holdings
Withdrawn status Lost status Source of classification or shelving scheme Not for loan Home library Current library Date acquired Total Checkouts Full call number Barcode Date last seen Date last checked out Price effective from Koha item type
    Library of Congress Classification   Kabarak, Main Campus Kabarak, Main Campus 17/12/2015 8 HF5635 .S65 2001 005108 05/06/2023 21/05/2023 17/12/2015 General Collection